Biblioteca "Ernesto Sabato"
Facultad de Derecho y Ciencias Sociales
Facultad de Lenguas
Universidad Nacional del Comahue

Adiós al trabajo? : ensayo sobre las metamorfosis y el rol central del mundo del trabajo (Record no. 30520)

MARC details
000 -CABECERA
campo de control de longitud fija 00688cam a22002412a 4500
001 - NÚMERO DE CONTROL
campo de control 024833
003 - IDENTIFICADOR DEL NÚMERO DE CONTROL
campo de control AR-FADEU
005 - FECHA Y HORA DE LA ÚLTIMA TRANSACCIÓN
campo de control 20250918111116.0
008 - DATOS DE LONGITUD FIJA--INFORMACIÓN GENERAL
campo de control de longitud fija 311216n1999####xxu####################dd
020 ## - NÚMERO INTERNACIONAL ESTÁNDAR DEL LIBRO
Número Internacional Estándar del Libro 987-9306-03-1
040 ## - FUENTE DE LA CATALOGACIÓN
Centro/agencia transcriptor Biblioteca Ernesto Sábato
092 ## - ASIGNACIÓN LOCAL DE SIGNATURA TOPOGRÁFICA DEWEY (OCLC)
Número de clasificación 306.3
Número de documento/Ítem A627
Característica del encabezamiento BDT
100 ## - ENTRADA PRINCIPAL--NOMBRE DE PERSONA
Nombre de persona Antunes, Ricardo
245 ## - MENCIÓN DE TÍTULO
Título Adiós al trabajo? : ensayo sobre las metamorfosis y el rol central del mundo del trabajo
260 ## - PUBLICACIÓN, DISTRIBUCIÓN, ETC. (PIE DE IMPRENTA)
Lugar de publicación, distribución, etc. Buenos Aires
260 ## - PUBLICACIÓN, DISTRIBUCIÓN, ETC. (PIE DE IMPRENTA)
Nombre del editor, distribuidor, etc. Antídoto
260 ## - PUBLICACIÓN, DISTRIBUCIÓN, ETC. (PIE DE IMPRENTA)
Fecha de publicación, distribución, etc. 1999
300 ## - DESCRIPCIÓN FÍSICA
Extensión 174 p
440 ## - MENCIÓN DE SERIE/PUNTO DE ACCESO ADICIONAL--TÍTULO
Título Herramienta
500 ## - NOTA GENERAL
Nota general Incluye bibliografía
650 ## - PUNTO DE ACCESO ADICIONAL DE MATERIA--TÉRMINO DE MATERIA
Término de materia o nombre geográfico como elemento inicial SINDICALISMO-CRISIS; TRABAJO; FORDISMO; TOYOTISMO/BDT/
942 ## - ELEMENTOS DE PUNTO DE ACCESO ADICIONAL (KOHA)
Tipo de ítem Koha BDT
Fuente del sistema de clasificación o colocación Dewey Decimal Classification
Holdings
Estado de retiro Estado de pérdida Estado dañado No para préstamo Código de colección Localización permanente Ubicación/localización actual Ubicación en estantería Fecha de adquisición Número de inventario Total de préstamos Signatura topográfica completa Código de barras Fecha visto por última vez Precio válido a partir de Tipo de ítem Koha
        Biblioteca Demetri Taranda Biblioteca Ernesto Sabato - FADECS - UNCOMA Biblioteca Ernesto Sabato - FADECS - UNCOMA Biblioteca Demetri Taranda 22/02/2017 21750   306.3 A627 21750 22/02/2017 22/02/2017 BDT
Facultad de Derecho y Ciencias Sociales | Universidad Nacional del Comahue | Mendoza y Perú General Roca | Río Negro CP (8332) | Patagonia Argentina | Teléfono: 54-0298-4433670 | | Fax: 0298-4432093 | Fax alumnos: 0298-4435700